| 000 | 01090cam a22002894a 4500 | ||
|---|---|---|---|
| 999 |
_c2228 _d2228 |
||
| 003 | OSt | ||
| 005 | 20220323080432.0 | ||
| 008 | 090617s2010 moua b 001 0 eng | ||
| 020 | _a9781416062493 (pbk. : alk. paper) | ||
| 040 | _cALUPE UNIVERSITY | ||
| 042 | _apcc | ||
| 050 | 0 | 0 |
_aRM301 _b.P457 2010 |
| 100 | 1 |
_aLehne, Richard A., _d1943- |
|
| 245 | 1 | 0 |
_aPharmacology for nursing care / _cRichard A. Lehne ; in consultation with Linda A. Moore, Leanna J. Crosby, Diane B. Hamilton. |
| 250 | _a7th ed. | ||
| 260 |
_aSt. Louis, Mo. : _bSaunders/Elsevier, _cc2010. |
||
| 300 |
_axiv, 1362 p. : _bill. (chiefly col.) ; _c29 cm. + _e1 CD-ROM (4 3/4 in.) |
||
| 504 | _aIncludes bibliographical references and index. | ||
| 650 | 0 | _aPharmacology. | |
| 650 | 0 | _aNursing. | |
| 650 | 1 | 2 |
_aPharmacology _vNurses' Instruction. |
| 650 | 2 | 2 |
_aDrug Therapy _vNurses' Instruction. |
| 650 | 2 | 2 |
_aPharmaceutical Preparations _vNurses' Instruction. |
| 906 |
_a7 _bcbc _corignew _d1 _eecip _f20 _gy-gencatlg |
||
| 942 |
_2lcc _cBK _nDO |
||